| 000 | 00374nam a22001337a 4500 | ||
|---|---|---|---|
| 082 |
_a620.0071142 _bLOU _cL-31, P-36 |
||
| 100 |
_aCollege, Loughborough _940583 |
||
| 245 |
_aCalendar _cLoughborough College, England |
||
| 260 |
_aEngland _bEcho Press Limited _c1949 |
||
| 300 | _a142.p: | ||
| 526 |
_a0 _b0 _c0 _d620_007114200000000_LOU |
||
| 650 |
_aMCE _9379 |
||
| 942 |
_2ddc _cBK |
||
| 999 |
_c544840 _d544840 |
||